00813nam a2200169Ia 4500003000400000005001700004008004100021040002100062041000800083082002500091110004400116245012900160260006600289300003500355505020300390650005000593OSt20210428100110.0210310s1978 ck gr 000 0 spa d aCO-JMCRcCO-JMCR0 aspa04a336.012 /bF673d2232 aFondo Monetario Internacional Colombia 10aDocumento del fondo monetario internacional : bevolución económica reciente / cFondo Monetario Internacional Colombia  a[Bogotá] : bFondo Monetario Internacional Colombia, c1978 bviii, 127 páginas ; c29 cm.0 aTendencias generales de la economía colombiana -- Oferta y demanda agregadas: precios, salarios y desempleo -- El sector público -- Intermediación financiera -- Evolución del sector externo 14aEconomía colombianaxEvolucióny1973-1977